| 000 | 00491nam a2200169Ia 4500 | ||
|---|---|---|---|
| 008 | 230718s9999 xx 000 0 und d | ||
| 020 | _a9788181284976 | ||
| 041 | _aeng | ||
| 082 |
_a004.678 _bKOW |
||
| 100 | _aKowalski G.J. | ||
| 245 |
_aInformation Storage And Retrieval Systems _bTheory And Implementation |
||
| 250 | _a2nd ed. | ||
| 260 | _bSpringer | ||
| 365 |
_cRs. _b950.00 |
||
| 700 | _aKowalski G.J. & Maybury M.T. | ||
| 906 |
_dO:0512822-Jun-2016B:IN 17017-Jun-2016 _cCOMP _b475 |
||
| 999 |
_c342201 _d342201 |
||